书目信息 |
| 题名: |
重温入党誓词
|
|
| 作者: | 周永学 编著 | |
| 分册: | ||
| 出版信息: | 北京 中共党史出版社 2005 |
|
| 页数: | 177页 | |
| 开本: | 21cm | |
| 丛书名: | ||
| 单 册: | ||
| 中图分类: | D261.42 | |
| 科图分类: | ||
| 主题词: | 党员 | |
| 电子资源: | ||
| ISBN: | 7-80199-268-7 | |
| 000 | 00764nam0 2200241 450 | |
| 001 | 002985097 | |
| 005 | 20061105084133.04 | |
| 010 | @a7-80199-268-7@dCNY12.00 | |
| 100 | @a20050616d2005 em y0chiy0110 ea | |
| 101 | 0 | @achi |
| 102 | @aCN@b110000 | |
| 105 | @ay z 000yy | |
| 200 | 1 | @a重温入党誓词@9chong wen ru dang shi ci@f周永学编著 |
| 210 | @a北京@c中共党史出版社@d2005 | |
| 215 | @a177页@d21cm | |
| 330 | @a本书对重温入党誓词的现实要求进行了阐释和说明,介绍了入党誓词蕴涵着的丰富内容,蕴涵着的非常全面的对党员的现实要求。 | |
| 601 | 02 | @a中国共产党@x党员@j学习参考资料 |
| 601 | 02 | @a中国共产党 |
| 606 | 0 | @a党员 |
| 690 | @aD261.42@v4 | |
| 701 | 0 | @a周永学@9zhou yong xue@f(1966.3~)@4编著 |
| 801 | 0 | @aCN@bNLC@c20061105 |
| 905 | @a10447@dD261.42@e129 | |
| 重温入党誓词/周永学编著.-北京:中共党史出版社,2005 |
| 177页;21cm |
| ISBN 7-80199-268-7:CNY12.00 |
| 本书对重温入党誓词的现实要求进行了阐释和说明,介绍了入党誓词蕴涵着的丰富内容,蕴涵着的非常全面的对党员的现实要求。 |
| ● |
| 相关链接 |
|
|
|
|
正题名:重温入党誓词
索取号:D261.42/129
 
预约/预借
| 序号 | 登录号 | 条形码 | 馆藏地/架位号 | 状态 | 备注 |
| 1 | 0380353 | 203803535 | 第一样本阅览室/ [索取号:D261.42/129] | 在馆 | |
| 2 | 0380354 | 203803544 | 第一借阅区/ [索取号:D261.42/129] | 在馆 | |
| 3 | 0380355 | 203803553 | 第一借阅区/ [索取号:D261.42/129] | 在馆 | |
| 4 | 0380356 | 203803562 | 第一借阅区/ [索取号:D261.42/129] | 在馆 | |
| 5 | 0380357 | 203803571 | 第一借阅区/ [索取号:D261.42/129] | 在馆 |